|
|
|
|
| LEADER |
00648nam a22001457a 4500 |
| 999 |
|
|
|c 58728
|d 58728
|
| 020 |
|
|
|a 9788130018850
|
| 082 |
|
|
|a M894.8123
|b MAD/P
|
| 100 |
|
|
|a മാധവിഅമ്മ,കടത്തനാട്ട് (Madhaviamma,Kadathanatt)
|
| 245 |
|
|
|a പയ്യംവെള്ളി ചന്തു (Payyamvelli Chanthu)
|
| 260 |
|
|
|a കോഴിക്കോട്
|b പൂർണ
|c 2017
|
| 300 |
|
|
|a 72p.
|
| 650 |
|
|
|a Malayalam novel-Historical novel
|a Vadakkan patt
|
| 942 |
|
|
|c BK
|
| 952 |
|
|
|0 0
|1 0
|4 0
|6 M_894_812300000000000_MAD_P
|7 0
|9 65831
|a KUCL
|b KUCL
|c M
|d 2020-03-18
|g 65.00
|l 1
|o M894.8123 MAD/P
|p 50388
|r 2020-10-14
|s 2020-09-09
|w 2020-03-18
|y BK
|